[Event "SLO Cup"]
[Site "Otocec"]
[Date "2009.05.24"]
[Round "4"]
[White "Zupancic, Urban"]
[Black "Cimer, Stefan"]
[Result "1/2-1/2"]
[WhiteElo "1902"]
[BlackElo "2150"]
[PlyCount "87"]
[EventDate "2009.05.22"]
[EventType "tourn"]
[EventRounds "5"]
[EventCountry "SLO"]
[SourceTitle "CBM 130 Extra"]
[Source "ChessBase"]
[SourceDate "2009.07.02"]
[SourceVersion "2"]
[SourceVersionDate "2009.07.15"]
[SourceQuality "1"]

1. e4 e6 2. d4 d5 3. exd5 exd5 4. c4 Nf6 5. Nc3 Be7 6. Bd3 0-0 7. Nge2 dxc4 8. Bxc4 Nbd7 9. Bb3 c6 10. 0-0 Nb6 11. Qd3 Nbd5 12. Nf4 Nxf4 13. Bxf4 Bg4 14. d5 cxd5 15. Nxd5 Nxd5 16. Qxd5 b6 17. h3 Qxd5 18. Bxd5 Rad8 19. hxg4 Rxd5 20. Rad1 Rfd8 21. Rxd5 Rxd5 22. Rc1 g5 23. Be3 Kg7 24. Kf1 Bc5 25. Bxc5 bxc5 26. Ke2 Kf6 27. Rc3 Ke6 28. Rh3 Rd4 29. Ra3 Rxg4 30. Kf3 Rb4 31. b3 Rf4+ 32. Ke3 f5 33. Rxa7 h5 34. Rg7 Re4+ 35. Kf3 g4+ 36. Kg3 h4+ 37. Kxh4 Re2 38. a4 Rxf2 39. Kg3 Rb2 40. Rb7 Ra2 41. Kf4 Rf2+ 42. Kg3 Ra2 43. Kf4 Rf2+ 44. Kg3 1/2-1/2